000 00471nam a2200133 a 4500
001 000038303
005 20210326154637.0
008 130408s1981 dr a 000 0 spa d
040 _aDO-SdBNP
_bspa
_cBNPHU
100 _aPolanco Brito, Hugo E.
_97924
245 1 0 _aSíntesis de la historia de la iglesia en Santo Domingo /
_cHugo E. Polanco Brito.
260 _aHigüey, República Dominicana :
_bObispado de Santiago de los Caballeros ,
_c1981.
300 _a78 p. : ;
_c21 cm.
999 _c37793
_d37793